| Tag |
First Indicator |
Second Indicator |
Subfields |
| LEADER |
00000cam a2200000 a 4500 |
| 001 |
in00000034213 |
| 005 |
20151007055235.0 |
| 008 |
871117r19881987nyub b 00110 eng |
| 010 |
|
|
|a 87033976
|
| 020 |
|
|
|a 1555841872
|
| 035 |
|
|
|a (OCoLC)17299104
|
| 035 |
|
|
|9 AAB7672AM
|
| 040 |
|
|
|a DLC
|c DLC
|d TXA
|d UtOrBLW
|
| 049 |
|
|
|a TXAM
|c [A11645682]
|
| 050 |
0 |
0 |
|a UA15
|b .C32 1988
|
| 082 |
0 |
|
|a 355/.0904
|2 19
|
| 100 |
1 |
|
|a Carver, Michael,
|d 1915-2001.
|
| 245 |
1 |
0 |
|a Twentieth-Century warriors :
|b the development of the armed forces of the major military nations in the twentieth-century /
|c Lord Carver.
|
| 250 |
|
|
|a 1st American ed.
|
| 264 |
|
1 |
|a New York :
|b Weidenfeld & Nicolson,
|c 1988
|
| 264 |
|
4 |
|c ©1987
|
| 300 |
|
|
|a 468 pages :
|b maps ;
|c 24 cm.
|
| 336 |
|
|
|a text
|b txt
|2 rdacontent
|
| 337 |
|
|
|a unmediated
|b n
|2 rdamedia
|
| 338 |
|
|
|a volume
|b nc
|2 rdacarrier
|
| 504 |
|
|
|a Bibliography: pages [447]-450.
|
| 500 |
|
|
|a Includes index.
|
| 650 |
|
0 |
|a Armed Forces
|x History
|y 20th century.
|
| 650 |
|
0 |
|a Military history, Modern
|y 20th century.
|
| 740 |
0 |
|
|a 20th-Century warriors.
|
| 740 |
0 |
|
|a Warriors.
|
| 999 |
|
|
|a MARS
|
| 999 |
f |
f |
|s db6155b1-3a9b-354c-8887-a7abdd5243c6
|i 90fffb39-a426-32cc-801f-a3780bc26d13
|t 0
|
| 952 |
f |
f |
|p ric
|a Texas A&M University
|b Rellis Campus
|c Joint Library Facility
|d Remote Storage
|t 0
|e UA15 .C32 1988
|h Library of Congress classification
|i unmediated -- volume
|m A14811645682
|
| 998 |
f |
f |
|a UA15 .C32 1988
|t 0
|l Remote Storage
|